000 01492nam a22002777a 4500
005 20100925152819.0
010 _aB-411127-130
020 _c395.00
_a9788130913872
035 _aB-411127-130
037 _bViva Books
082 _a363.73874
100 _aLong, Douglas
_921702
245 _aGlobal Warming /
_cby Douglas Long
260 _aNew Delhi
_bViva Books
_c2010
270 _a4737/23, Ansari Road, Daryaganj
_bNew Delhi
_e110002
300 _a300p.
_c24 cm (pbk)
500 _aIncludes index
650 _aglobal warming
_921703
650 _aClimatic changes
_921704
942 _cEN
_h363.73874
_2ddc
_mLON
999 _c35591
_d35591